MEASUREMENT AND CONTROLL (Record no. 738584)

MARC details
000 -LEADER
fixed length control field 00244nam a2200097Ia 4500
008 - FIXED-LENGTH DATA ELEMENTS--GENERAL INFORMATION
fixed length control field 230508s2013 xx 000 0 und d
041 ## - LANGUAGE CODE
Language code of text/sound track or separate title eng
100 ## - MAIN ENTRY--PERSONAL NAME
Personal name SALUNKHE N.S.
245 ## - TITLE STATEMENT
Title MEASUREMENT AND CONTROLL
260 ## - PUBLICATION, DISTRIBUTION, ETC.
Name of publisher, distributor, etc. TECH-MAX PUBLICATION
Date of publication, distribution, etc. 2013

No items available.